00327nam a2200121Ia 4500008004100000041000800041082001300049100001300062245007100075260003700146300000900183700001300192230125s9999 xx 000 0 und d aeng a657bKUL aKulkurni aTheory and history of co-operationbSahakaracha Siddhant Va Etihas c2003bPragati publicationsaPune a125p aKulkurni